The roots of Indian art (Record no. 5476)

MARC details
000 -LEADER
fixed length control field 00498 a2200193 4500
001 - CONTROL NUMBER
control field 072241
003 - CONTROL NUMBER IDENTIFIER
control field OSt
005 - DATE AND TIME OF LATEST TRANSACTION
control field 20210906140726.0
008 - FIXED-LENGTH DATA ELEMENTS--GENERAL INFORMATION
fixed length control field
020 ## - INTERNATIONAL STANDARD BOOK NUMBER
International Standard Book Number 9788176467667
082 ## - DEWEY DECIMAL CLASSIFICATION NUMBER
Classification number 709.34
Item number G95R
100 1# - MAIN ENTRY--PERSONAL NAME
Personal name Gupta, S.P.
245 1# - TITLE STATEMENT
Title The roots of Indian art
Statement of responsibility, etc by S.P. Gupta
260 ## - PUBLICATION, DISTRIBUTION, ETC. (IMPRINT)
Place of publication, distribution, etc Delhi
Name of publisher, distributor, etc B.R. Pub.
Date of publication, distribution, etc 2011
300 ## - PHYSICAL DESCRIPTION
Extent 378p.
630 ## - SUBJECT ADDED ENTRY--UNIFORM TITLE
Uniform title Architecture
690 ## - LOCAL SUBJECT ADDED ENTRY--TOPICAL TERM (OCLC, RLIN)
Topical term or geographic name as entry element India; Art, Ancient; Art, Maurya; Architecture, Ancient
942 ## - ADDED ENTRY ELEMENTS (KOHA)
Source of classification or shelving scheme Dewey Decimal Classification
Koha item type Books
Holdings
Withdrawn status Lost status Source of classification or shelving scheme Damaged status Not for loan Collection code Home library Current library Date acquired Source of acquisition Cost, normal purchase price Full call number Barcode Date last seen Price effective from Koha item type
    Dewey Decimal Classification     General Text Book Central University Of Rajasthan Central University Of Rajasthan 07/03/2012 ARC 4000.00 709.34 G95R 7067 21/11/2024 02/09/2020 Books